Mikeover Ltd v Brady (Record no. 20224)
[ view plain ]
| 000 -LEADER | |
|---|---|
| fixed length control field | 01236cab a2200193 4500 |
| 001 - CONTROL NUMBER | |
| control field | ABS41421 |
| 008 - FIXED-LENGTH DATA ELEMENTS--GENERAL INFORMATION | |
| fixed length control field | 090401t1989 xxu||||| |||| 00| 0 eng d |
| 035 ## - SYSTEM CONTROL NUMBER | |
| System control number | (Sirsi) u30043 |
| 041 ## - LANGUAGE CODE | |
| Language code of text/sound track or separate title | eng |
| 245 ## - TITLE STATEMENT | |
| Title | Mikeover Ltd v Brady |
| 260 ## - PUBLICATION, DISTRIBUTION, ETC. | |
| Date of publication, distribution, etc. | 1989 |
| 350 ## - PRICE (NR) (BK AM CF MU VM SE) [OBSOLETE] | |
| Price | 0 |
| 490 ## - SERIES STATEMENT | |
| Series statement | New Law Journal |
| Volume/sequential designation | 139(6422) 8 September 1989, 1194-1196(3) |
| 520 ## - SUMMARY, ETC. | |
| Summary, etc. | CA 26 May 1989. At issue was whether two tenants of a residential property held a joint tenancy or licence . Two individuals signed identical agreements which allowed them the right of exclusive joint occupation of the flat - each liable for paying a separate deposit and to pay a separate sum in rent. Eventually one of them moved out and B remained in occupation. When B fell into arrears, a possession order was brought against him on the basis that he was only a licensee. B claimed he was a statutory tenant under the Rent Act, and appealed. Held: the tenant was not entitled to a statutory tenancy. For a joint tenancy to exist, there had to be a unity of interest which included a joint and several obligation to pay the entire rent. |
| 650 ## - SUBJECT ADDED ENTRY--TOPICAL TERM | |
| Topical term or geographic name entry element | EXCLUSIVE OCCUPATION |
| 690 ## - LOCAL SUBJECT ADDED ENTRY--TOPICAL TERM (OCLC, RLIN) | |
| Topical term or geographic name as entry element | LANDLORD AND TENANT-CASE LAW-RESIDENTIAL TENANCIES |
| 942 ## - ADDED ENTRY ELEMENTS (KOHA) | |
| Suppress in OPAC | 0 |
| 948 ## - LOCAL PROCESSING INFORMATION (OCLC); SERIES PART DESIGNATOR (RLIN) | |
| c (OCLC) | 04/03/1997 |
| Withdrawn status | Lost status | Source of classification or shelving scheme | Damaged status | Not for loan | Home library | Current library | Shelving location | Date acquired | Total Checkouts | Full call number | Barcode | Date last seen | Copy number | Price effective from | Koha item type |
|---|---|---|---|---|---|---|---|---|---|---|---|---|---|---|---|
| Dewey Decimal Classification | London | London | Journal article | 14/09/1999 | ABS41421 | 30043-1001 | 06/08/2019 | 1 | 06/08/2019 | Law report |